000 00524nam a2200193Ia 4500
003 GCL
008 140319s9999 xx 000 0 ara d
040 _aGCL /
_cGCL
082 0 4 _a813.02
_bهـ ف
100 1 _aمحمد غلاب (مترجم)
245 1 0 _aالفلاحون /
_cمحمد غلاب (مترجم)
700 1 _aهندى عيد وط اليسوعى
300 _a144 ص
490 _a
650 0 4 _aالادب العربى
650 0 4 _aالقصص العربية
650 0 4 _aالادب
942 _2ddc
_cBK
999 _c41124
_d41124